000 005670000a22002050004500
001 2168
003 CO-MdBIC
008 220421t spaa|||| |||| 00| 0 spa d
020 _a84-8280-900-8
040 _a CO-MdBIC
_bspa.
_cCO-MdBIC
_d CO-MdBIC
041 _aspa
082 0 4 _a22
_2468
_bAL347
100 1 _aHemingway, Ernest
245 1 0 _aEl viejo y el mar
_b/Ernest Hemingway
260 _aColombia : Oveja Negra
300 _a119 pƔginas
_bIlustraciones a color ;
_c21 cm.
505 8 _a[no genera información asociada]
650 1 4 _xObjetos
942 _cLGB
999 _c49314
_d49314